000 00635nam a2200181 i 4500
001 73954
003 ES-MaACL
005 20240224062537.0
007 t|
008 040914s1913 sp ||||1| spa d
100 1 _aGonzález Aurioles, Norberto.
_958438
245 1 0 _aRecuerdos autobiográficos de Cervantes en "La Española Inglesa" /
_cNorberto González Aurioles.
260 _aMadrid :
_b[s.n.],
_c1913 (
_fViuda de A. Alvárez)
300 _a56 p.,1 lám. ;
_c19 cm.
600 1 4 _aCervantes Saavedra, Miguel de,
_d1547-1616
_9226514
852 _aES-MaACL
_jT-1375-F-4
_z.- Dedicatoria manuscrita del autor
999 _c73954
_d73954